[Event "WYb14"]
[Site "Heraklio GRE"]
[Date "2004.11.06"]
[Round "3"]
[White "Wang Puchen"]
[Black "Kuzubov,Y"]
[Result "0-1"]
[WhiteElo "2236"]
[BlackElo "2530"]

1.d4 Nf6 2.Bg5 c5 3.d5 d6 4.Nc3 e5 5.e4 Be7 6.Nf3 O-O 7.Qd2 Ng4 8.Bxe7 Qxe7
9.h3 Nf6 10.g4 Rd8 11.Qe3 Nbd7 12.Nd2 Nf8 13.Bd3 Ng6 14.Ne2 h6 15.Nf1 Nh7
16.Nfg3 Qg5 17.Qxg5 hxg5 18.f3 f6 19.Kf2 Kf7 20.c3 Nhf8 21.b4 Nf4 22.Nxf4 exf4
23.Nf1 Ng6 24.bxc5 dxc5 25.Nd2 b6 26.Rad1 Bd7 27.Rb1 Rab8 28.Nc4 Be8 29.Na3 Ke7
30.Rhd1 Ne5 31.Bf1 Kd6 32.Rd2 c4 33.Rb4 Rdc8 34.Rd4 b5 35.Rb1 a5 36.Nc2 b4
37.cxb4 axb4 38.Nxb4 c3 39.a3 Ba4 40.Rc1 Kc5 41.Rd2 Kd6 42.Ra2 Bb3 43.Raa1 c2
44.Nd3 Ba4 45.Nxe5 Kxe5 46.Ke1 Kd4 47.Kd2 Rb6 48.Be2 Rc3 49.Rh1 c1=Q+ 50.Rhxc1 Rb2+
51.Ke1 Re3 52.Rc4+ Ke5 53.Rxa4 Rexe2+ 54.Kf1 Rf2+ 55.Kg1 Rxf3 56.Rd1 Rg3+
57.Kh1 Rxh3+ 58.Kg1 f3  0-1

[Event "V Open"]
[Site "Sauzal ESP"]
[Date "2004.11.07"]
[Round "6"]
[White "Kurajica,B"]
[Black "Ramos Aguilar,J"]
[Result "1-0"]
[WhiteElo "2541"]
[BlackElo "2285"]

1.d4 Nf6 2.Bg5 d5 3.e3 g6 4.Bxf6 exf6 5.c4 dxc4 6.Bxc4 Bb4+ 7.Nc3 O-O 8.a3 Bd6
9.Nge2 c6 10.h4 Qe7 11.h5 Be6 12.Qb3 Bxc4 13.Qxc4 b5 14.Qd3 f5 15.d5 b4 16.axb4 Bxb4
17.hxg6 hxg6 18.Qd4 f6 19.Nf4 Qe4 20.Qxe4 fxe4 21.Nxg6 Rf7 22.Rd1 Kg7 23.Nf4 Nd7
24.dxc6 Nc5 25.Rh5 Re8 26.Ke2 Bxc3 27.Rxc5 Bxb2 28.c7  1-0

[Event "WYb14"]
[Site "Heraklio GRE"]
[Date "2004.11.11"]
[Round "9"]
[White "Nguyen Ngoc Truongson"]
[Black "Hess,Ro"]
[Result "1/2-1/2"]
[WhiteElo "2527"]
[BlackElo "2214"]

1.d4 Nf6 2.Bg5 d5 3.Bxf6 exf6 4.e3 Bd6 5.c4 dxc4 6.Bxc4 f5 7.Nc3 O-O 8.Qf3 Nd7
9.Nge2 Nf6 10.h3 c6 11.Bd3 g6 12.O-O-O Be6 13.Rdg1 Bd5 14.Nxd5 cxd5 15.Kb1 Ne4
16.Ka1 Qa5 17.Nc1 Nd2 18.Qd1 Rac8 19.Nb3 Nxb3+ 20.Qxb3 Qd2 21.g4 f4 22.exf4 Bxf4
23.h4 Rc6 24.Rd1 Rb6 25.Qxb6 axb6 26.Rxd2 Bxd2 27.Rd1 Bh6  1/2-1/2

[Event "WYg18"]
[Site "Heraklio GRE"]
[Date "2004.11.12"]
[Round "10"]
[White "Ambrosi,E"]
[Black "Schneider,Ve"]
[Result "0-1"]
[WhiteElo "2099"]
[BlackElo "2263"]

1.d4 Nf6 2.Bg5 d5 3.e3 Nbd7 4.Nf3 c5 5.c3 g6 6.Nbd2 Bg7 7.Bd3 O-O 8.h3 b6
9.Bf4 Bb7 10.Qc2 Rc8 11.g4 Re8 12.Rg1 c4 13.Be2 b5 14.Ne5 Ne4 15.Nxd7 Qxd7
16.Nxe4 dxe4 17.Rd1 Qd5 18.g5 a5 19.Rg3 f5 20.f3 Qe6 21.Kf2 Bd5 22.h4 Qc6
23.Re1 Rcd8 24.Rh3 exf3 25.Bxf3 e5 26.Bxd5+ Qxd5 27.Bg3 exd4 28.exd4 Rxe1
29.Kxe1 Re8+ 30.Kf2 Qe6 31.Bh2 Qe1+ 32.Kg2 Re2+  0-1

[Event "WYb14"]
[Site "Heraklio GRE"]
[Date "2004.11.12"]
[Round "10"]
[White "Cordova,Em"]
[Black "Kuzubov,Y"]
[Result "0-1"]
[WhiteElo "2347"]
[BlackElo "2530"]

1.d4 Nf6 2.Bg5 g6 3.Bxf6 exf6 4.e3 f5 5.Ne2 d6 6.g3 Nd7 7.Bg2 Bg7 8.Nd2 Nf6
9.Nf4 O-O 10.h4 h6 11.c3 c6 12.Qb3 Kh8 13.a3 Qe7 14.O-O-O Ne4 15.Nxe4 fxe4
16.Bh3 Rb8 17.g4 b5 18.Rdg1 c5 19.g5 h5 20.Bg2 Bg4 21.Qd5 Rfe8 22.Bh3 Bf3
23.Bg2 Bxg2 24.Rxg2 cxd4 25.exd4 b4 26.axb4 Qd7 27.Rg3 Rb5 28.Qa2 Qf5 29.Nh3 a5
30.bxa5 Rxa5 31.Qb1 Rea8 32.Kd2 Ra2 33.Qc2 Rb8 34.Rb1 d5 35.Kd1 Bf8 36.Re3 Bd6
37.c4 Qg4+ 38.Ke1 dxc4 39.Kf1 Kg7 40.d5 Rb4 41.Qc3+ Kg8 42.Qf6 Rbxb2 43.Qxb2 Rxb2
44.Rxb2 Qf5 45.Ng1 Bc5 46.Ree2 e3 47.f3 c3 48.Rbc2 Bd4 49.Kg2 Qxd5 50.Re1 Qf5
51.Rec1 Qf4 52.Kf1 e2+ 53.Kg2 Bxg1 54.Rxg1 Qd2  0-1

[Event "Tch-FIN 2004-5"]
[Site "Finland FIN"]
[Date "2004.11.13"]
[Round "4"]
[White "Salimaki,J"]
[Black "Kapanen,K"]
[Result "1-0"]
[WhiteElo "2214"]
[BlackElo "2016"]

1.d4 Nf6 2.Bg5 g6 3.Bxf6 exf6 4.e3 Bg7 5.c4 O-O 6.Nc3 f5 7.g3 d6 8.Bg2 Nd7
9.Nge2 Re8 10.O-O Nf6 11.Qd3 c6 12.b4 Qe7 13.b5 Ne4 14.Rab1 h5 15.h4 g5 16.hxg5 Qxg5
17.bxc6 bxc6 18.Rb3 h4 19.Nxe4 fxe4 20.Bxe4 d5 21.cxd5 cxd5 22.Bg2 Bf5 23.Qb5 Be4
24.Bxe4 Rxe4 25.Nc3 Rae8 26.Qxd5 Qg4 27.Nxe4 Rxe4 28.Qd8+ Bf8 29.Rb8 Qg7
30.Qxf8+ Qxf8 31.Rxf8+ Kxf8 32.gxh4 Rxh4 33.Rc1 Rh6 34.Kg2 Rb6 35.Rc8+ Kg7
36.Rc7 Ra6 37.Rc2 Rb6 38.Kf3 Kf6 39.Ke4 Ke6 40.Rc6+ Rxc6 41.d5+ Kd6 42.dxc6 Kxc6
43.Ke5 Kb5 44.Kf6  1-0

[Event "British Rapidplay"]
[Site "Halifax ENG"]
[Date "2004.11.14"]
[Round "7"]
[White "Wells,P"]
[Black "Howell,D"]
[Result "1-0"]
[WhiteElo "2504"]
[BlackElo "2340"]

1.d4 Nf6 2.Bg5 d5 3.Bxf6 exf6 4.e3 Bd6 5.g3 c6 6.Bg2 Nd7 7.Ne2 O-O 8.O-O f5
9.b3 Nf6 10.c4 dxc4 11.bxc4 Qe7 12.Nbc3 Re8 13.Rb1 Ne4 14.c5 Bc7 15.Nxe4 fxe4
16.Nc3 f5 17.Qa4 Rd8 18.Rb2 h5 19.Rfb1 h4 20.Rxb7 Bxb7 21.Rxb7 Qd7 22.Bh3 hxg3
23.hxg3 Rdb8 24.Bxf5 Qxf5 25.Rxc7 Rf8 26.Qc2 Rf6 27.Nxe4 Re6 28.Qb3 Kh8 29.Nd6 Qd5
30.Rxc6 Qxb3 31.axb3 Kg8 32.b4 a6 33.Rb6 a5 34.bxa5 Rxa5 35.e4 Ra1+ 36.Kg2 Ra2
37.e5 Ra4 38.c6 Re7 39.Rb8+ Kh7 40.Rb7 Rxb7 41.cxb7 Rb4 42.e6  1-0

[Event "Acropolis IM Open"]
[Site "Athens GRE"]
[Date "2004.11.20"]
[Round "5"]
[White "Galanos,D"]
[Black "Markopoulos,T"]
[Result "1-0"]
[WhiteElo "2128"]
[BlackElo "2094"]

1.d4 Nf6 2.Bg5 d5 3.Bxf6 exf6 4.e3 Bd6 5.c4 c6 6.cxd5 cxd5 7.Nc3 Be6 8.Bb5+ Nc6
9.Nge2 O-O 10.O-O a6 11.Bd3 Rc8 12.Rc1 Bb8 13.Bb1 Qd6 14.Ng3 g6 15.Kh1 h5
16.f4 Bg4 17.Qb3 h4 18.h3 Bd7 19.Nge2 Rfe8 20.e4 dxe4 21.Nxe4 Nxd4 22.Rxc8 Rxc8
23.Nxd6 Nxb3 24.Nxc8  1-0

[Event "TCh-AUT"]
[Site "Graz AUT"]
[Date "2004.11.20"]
[Round "2"]
[White "Moser,Gu"]
[Black "Singer,Ri"]
[Result "1-0"]
[WhiteElo "2359"]
[BlackElo "2280"]

1.d4 Nf6 2.Bg5 d5 3.Bxf6 exf6 4.e3 c6 5.Bd3 Qb6 6.b3 a5 7.a3 Be6 8.Ne2 a4
9.b4 Bd6 10.Nd2 Nd7 11.c4 dxc4 12.Bxc4 O-O 13.Nc3 Rfe8 14.O-O Qc7 15.g3 Nb6
16.Bd3 Nd5 17.Rc1 Nxc3 18.Rxc3 g6 19.Bc2 Bh3 20.Re1 f5 21.Bxa4 Qe7 22.Bc2 Rad8
23.Bd3 Bc7 24.Nb3 Bb6 25.Bf1 Bg4 26.Qd3 f4 27.Nc5 Bf5 28.Qd1 fxg3 29.hxg3 h5
30.Bg2 Bc8 31.Rf1 h4 32.g4 Qg5 33.f4 Qf6 34.Qf3 Kg7 35.Bh3 Qd6 36.g5 Bxc5
37.bxc5 Qc7 38.Rb3 Qa5 39.Bxc8 Rxc8 40.f5 Qc7 41.fxg6 f5 42.gxf6+  1-0

[Event "XXI WJun Women"]
[Site "Kochin IND"]
[Date "2004.11.20"]
[Round "2"]
[White "Koneru,C"]
[Black "Sandhya,N"]
[Result "1-0"]
[WhiteElo "2107"]
[BlackElo "2113"]

1.d4 Nf6 2.Bg5 g6 3.Bxf6 exf6 4.c4 Bg7 5.Nc3 O-O 6.g3 d6 7.Bg2 f5 8.e3 Nd7
9.Nge2 Nf6 10.O-O Re8 11.Qd3 c6 12.Rac1 h5 13.h4 Ng4 14.Nf4 g5 15.hxg5 Qxg5
16.f3 Nf6 17.Kf2 h4 18.Nfe2 Bh6 19.Rh1 hxg3+ 20.Nxg3 d5 21.cxd5 Nxd5 22.Nxd5 cxd5
23.f4 Qf6 24.Bxd5 Be6 25.Rcg1 Kh7 26.Bxe6 fxe6 27.Qf1 Rg8 28.Rxh6+  1-0

[Event "XLIII WJun"]
[Site "Kochin IND"]
[Date "2004.11.21"]
[Round "4"]
[White "Gupta,Ab"]
[Black "Paragua,M"]
[Result "0-1"]
[WhiteElo "2412"]
[BlackElo "2534"]

1.d4 d5 2.Bg5 Nf6 3.e3 c5 4.Nf3 Ne4 5.Bf4 Qb6 6.Qc1 Nc6 7.c3 g6 8.Nbd2 Bf5
9.Be2 Bg7 10.O-O Rc8 11.Nb3 O-O 12.Rd1 cxd4 13.exd4 a5 14.Bh6 a4 15.Bxg7 Kxg7
16.Nbd2 Rfd8 17.Nxe4 dxe4 18.Nh4 Be6 19.Qc2 a3 20.bxa3 Nxd4 21.Qxe4 Rxc3
22.Rab1 Qc5 23.Bf1 g5  0-1

[Event "XXI WJun Women"]
[Site "Kochin IND"]
[Date "2004.11.21"]
[Round "4"]
[White "Brekke,J"]
[Black "Hodova,L"]
[Result "0-1"]
[WhiteElo "1988"]
[BlackElo "2118"]

1.d4 Nf6 2.Bg5 d5 3.Bxf6 exf6 4.Nf3 g6 5.e3 c6 6.c3 Bg7 7.Bd3 O-O 8.O-O Be6
9.Nbd2 Nd7 10.Nb3 f5 11.Nc1 Nf6 12.Ne2 Ne4 13.Nf4 Qd6 14.Rc1 Rae8 15.c4 dxc4
16.Nxe6 fxe6 17.Bxc4 Kh8 18.Qe2 Qe7 19.Rfd1 Nd6 20.Bb3 g5 21.Ne5 g4 22.f4 gxf3
23.gxf3 Bxe5 24.dxe5 Qg7+ 25.Kh1 Qxe5 26.Rd2 Rg8 27.Rcd1 Ne4 28.Rd4 Nf6 29.f4 Qc7
30.Rd6 Nd5 31.R6xd5 exd5 32.Bc2 Qxf4 33.e4 fxe4 34.Rf1 Qg4 35.Qd2 e3  0-1

[Event "TCh-ISL 2004-5"]
[Site "Reykjavik ISL"]
[Date "2004.11.21"]
[Round "4"]
[White "Naes,F"]
[Black "Edvardsson,K"]
[Result "1-0"]
[WhiteElo "2302"]
[BlackElo "2230"]

1.d4 Nf6 2.Bg5 c5 3.Bxf6 exf6 4.dxc5 Bxc5 5.e3 Qb6 6.b3 O-O 7.Bc4 f5 8.Ne2 Qf6
9.Nbc3 Nc6 10.Nd5 Qh4 11.Nef4 Ne5 12.Be2 g5 13.g3 Qh6 14.Nd3 Nxd3+ 15.Bxd3 d6
16.Bxf5 Bb4+ 17.Ke2 Bxf5 18.Ne7+ Kh8 19.Qd4+ f6 20.Nxf5 Qh3 21.Qxb4 Qxf5
22.Rhd1 Rac8 23.c4 Qg4+ 24.Kf1 Qf3 25.Kg1 h5 26.Qd2 Rc5 27.Qxd6 Rfc8 28.Rd5 R5c6
29.Qe7 Rg8 30.Rd7 Qf5 31.Rad1 h4 32.Rd8  1-0

[Event "Acropolis IM Open"]
[Site "Athens GRE"]
[Date "2004.11.22"]
[Round "7"]
[White "Galanos,D"]
[Black "Siamidis,D"]
[Result "1-0"]
[WhiteElo "2128"]
[BlackElo "2211"]

1.d4 Nf6 2.Bg5 g6 3.Bxf6 exf6 4.h4 d5 5.h5 Be6 6.hxg6 fxg6 7.e3 Nd7 8.Bd3 Bf7
9.Nd2 Nb6 10.Ngf3 Bd6 11.e4 Qe7 12.O-O O-O-O 13.Re1 Qd7 14.e5 fxe5 15.dxe5 Be7
16.Qe2 Be6 17.a4 Qe8 18.a5 Nd7 19.a6 Bc5 20.b4 Bb6 21.axb7+ Kb8 22.c4 dxc4
23.Nxc4 Bxc4 24.Bxc4 Rf8 25.e6 Nf6 26.e7 Ng4 27.exd8=Q+ Qxd8 28.Rad1 Qf6
29.Rf1 Qf4 30.Qe7 c6 31.Qd6+ Kxb7 32.Qxf4 Rxf4 33.Rd7+ Kb8 34.Be6 h5 35.Bxg4 hxg4
36.Ne5 g3 37.Nd3 gxf2+ 38.Nxf2 Rxb4 39.Re1 Kc8 40.Rg7 Kd8 41.Re2 Rg4 42.Kh2 Rg5
43.Ne4 Rh5+ 44.Kg3 Rh8 45.Nd6 Rf8 46.Ree7  1-0

[Event "XLIII WJun"]
[Site "Kochin IND"]
[Date "2004.11.22"]
[Round "6"]
[White "Nanjo,R"]
[Black "Karthikeyan,P"]
[Result "1-0"]
[WhiteElo "2154"]
[BlackElo "2131"]

1.d4 Nf6 2.Bg5 c5 3.Bxf6 gxf6 4.d5 Qb6 5.Qc1 d6 6.e3 f5 7.Nd2 Bg7 8.c3 Nd7
9.Ne2 e5 10.Ng3 Nf6 11.Qc2 e4 12.Bc4 h5 13.f3 h4 14.Ngf1 exf3 15.gxf3 Bd7
16.Rg1 Bh6 17.f4 O-O-O 18.Nf3 Rde8 19.O-O-O Ne4 20.Bd3 Qd8 21.Re1 Kb8 22.N1d2 Qe7
23.Bxe4 fxe4 24.Ng5 f6 25.Ne6 Bxe6 26.dxe6 Qxe6 27.c4 f5 28.Nb1 d5 29.cxd5 Qxd5
30.Nc3 Qf7 31.Qa4 a6 32.Rd1 Rd8 33.Qa5 Qc7 34.Qxc7+ Kxc7 35.Nd5+ Kb8 36.Ne7 Rd3
37.Nxf5 Bf8 38.Rg6 Ka7 39.Re6 Rh5 40.Rf6 Rh8 41.b3 c4 42.bxc4 Rc3+ 43.Kb2 Rxc4
44.Rd7 Bc5 45.Rff7 Rb4+ 46.Kc3 Rb6 47.Rc7 Ba3 48.Rh7 Rd8 49.Rhd7 Rf8 50.Nxh4  1-0

[Event "XXI WJun Women"]
[Site "Kochin IND"]
[Date "2004.11.24"]
[Round "8"]
[White "Koneru,C"]
[Black "Gutsko,A"]
[Result "0-1"]
[WhiteElo "2107"]
[BlackElo "2272"]

1.d4 Nf6 2.Bg5 d5 3.Bxf6 exf6 4.e3 Bd6 5.c4 dxc4 6.Bxc4 f5 7.Ne2 Nd7 8.Nbc3 c6
9.Ng3 Nf6 10.Qf3 g6 11.O-O O-O 12.Rfd1 h5 13.Nge2 Ne4 14.Nf4 Ng5 15.Qe2 Bxf4
16.exf4 Ne6 17.g3 Nxd4 18.Qe3 c5 19.Nb5 Re8 20.Qc3 Qb6 21.Nxd4 cxd4 22.Qxd4 Re1+
23.Rxe1 Qxd4 24.Re8+ Kg7 25.Bb3 b6 26.Rae1 Bb7 27.R8e7 Be4 28.Rxf7+ Kh6 29.Rd1 Qxb2
30.Rdd7 Qc1+ 31.Bd1 Rh8  0-1

[Event "17th Belgrade Trophy"]
[Site "Obrenovac SCG"]
[Date "2004.11.25"]
[Round "4"]
[White "Medancic,R"]
[Black "Mihajlovic,V"]
[Result "1/2-1/2"]
[WhiteElo "2262"]
[BlackElo "2359"]

1.d4 Nf6 2.Bg5 c5 3.Bxf6 gxf6 4.dxc5 Na6 5.g3 Nxc5 6.Bg2 Qb6 7.Qc1 h5 8.h4 Bh6
9.e3 f5 10.Nc3 Ne4 11.Nge2 Nxc3 12.Nxc3 e6 13.O-O d5 14.Ne2 Bd7 15.a4 Rc8
16.c3 a5 17.Qd2 Rg8 18.Rfd1 Ke7 19.Kf1 Qb3 20.Ke1 Bg7 21.Ra3  1/2-1/2

[Event "17th Belgrade Trophy"]
[Site "Obrenovac SCG"]
[Date "2004.11.26"]
[Round "5"]
[White "Sarovski,N"]
[Black "Cornette,M"]
[Result "0-1"]
[WhiteElo "2079"]
[BlackElo "2373"]

1.d4 Nf6 2.Bg5 c5 3.dxc5 e6 4.e3 Bxc5 5.a3 O-O 6.c4 Be7 7.Nc3 d6 8.Nf3 Nbd7
9.Qc2 b6 10.O-O-O Bb7 11.Bd3 Nc5 12.Bxf6 Nxd3+ 13.Rxd3 Bxf6 14.Rhd1 Be7 15.h4 a6
16.Ng5 g6 17.f4 Qc7 18.h5 Bxg5 19.fxg5 Qxc4 20.Rxd6 Rac8 21.Rxb6 Be4 22.Qd2 Qa2
23.Qd4 Rxc3+ 24.Qxc3 Qb1+ 25.Kd2 Rd8+ 26.Qd4 Rxd4+ 27.exd4 Qd3+ 28.Ke1 Qe3+
29.Kf1 Bd3+ 30.Rxd3 Qxd3+ 31.Ke1 gxh5  0-1

[Event "Bundesliga 2004-5"]
[Site "Stuttgart GER"]
[Date "2004.11.28"]
[Round "4"]
[White "Hertneck,G"]
[Black "Tischbierek,R"]
[Result "1-0"]
[WhiteElo "2552"]
[BlackElo "2477"]

1.d4 Nf6 2.Bg5 d5 3.e3 c5 4.Bxf6 gxf6 5.c3 Qb6 6.Qb3 Nc6 7.Nd2 e5 8.dxe5 Qxb3
9.axb3 fxe5 10.e4 dxe4 11.Nxe4 f5 12.Nf6+ Kf7 13.Nd5 Rb8 14.Nh3 Bh6 15.Nc7 Rd8
16.Bc4+ Kf6 17.O-O f4 18.f3 Bxh3 19.gxh3 Rd7 20.Nd5+ Kg7 21.Kh1 Rd6 22.Nc7 Kf6
23.Rad1 Bf8 24.Rxd6+ Bxd6 25.Nd5+ Kg7 26.Rg1+ Kh8 27.Nf6 Be7 28.Nd7 Rd8 29.Bd5 Bd6
30.Bxc6 bxc6 31.Nf6 Be7 32.Ne4 Rd3 33.Kg2 Re3 34.h4 Re2+ 35.Kh3 Rxb2 36.Ra1 Rxb3
37.Rxa7 Bf8 38.Kg4 Rb8 39.Rc7 Rd8 40.Ng5 Rd5  1-0

[Event "XXI WJun Women"]
[Site "Kochin IND"]
[Date "2004.11.29"]
[Round "12"]
[White "Koneru,C"]
[Black "Van Weersel,A"]
[Result "1/2-1/2"]
[WhiteElo "2107"]
[BlackElo "2184"]

1.d4 Nf6 2.Bg5 d5 3.Bxf6 gxf6 4.e3 c5 5.c3 Qb6 6.Qc2 Nc6 7.Nd2 cxd4 8.exd4 Bd7
9.Ngf3 h5 10.g3 Rc8 11.Qb3 Qxb3 12.Nxb3 Bh6 13.Bg2 e6 14.h4 Ne7 15.Nfd2 f5
16.f4 Ng8 17.Nc5 Bc6 18.Nd3 Nf6 19.Ne5 Rg8 20.Kf2 Bf8 21.Bf3 b5 22.Rhc1 Bd7
23.b4 Bd6 24.a4 a6 25.Nxd7 Kxd7 26.axb5 axb5 27.Be2 Rb8 28.Ra7+ Bc7 29.Rca1 Rb6
30.R1a5 Rgb8 31.Ke3 Kd6 32.R5a6 Ng4+ 33.Kf3 f6 34.Bxb5 Rxa6 35.Rxa6+ Ke7
36.Bd3 Rb7 37.Nb3 Bd6 38.Na5 Rc7 39.Ra7 e5 40.Rxc7+ Bxc7 41.fxe5 fxe5 42.Bxf5 e4+
43.Ke2 Bxg3 44.Bg6 Nf6 45.b5 Bc7 46.Nc6+ Kd7 47.Ne5+ Kc8 48.c4 dxc4 49.Nxc4 Bg3
50.Ke3 Bxh4 51.Bxe4 Bf2+ 52.Kxf2 Nxe4+ 53.Kf3 Nc3 54.b6 Kb7 55.Kg3 Nd5 56.Kh4 Nxb6
57.Ne5 Kc7 58.Kxh5 Kd6  1/2-1/2

[Event "17th Belgrade Trophy"]
[Site "Obrenovac SCG"]
[Date "2004.11.29"]
[Round "8"]
[White "Lundin,J"]
[Black "Bojovic,D"]
[Result "1-0"]
[WhiteElo "2299"]
[BlackElo "2166"]

1.d4 Nf6 2.Bg5 c5 3.Bxf6 gxf6 4.d5 Qa5+ 5.Nd2 d6 6.c3 b5 7.Ngf3 Bd7 8.e3 Na6
9.a4 b4 10.Bb5 bxc3 11.bxc3 Nc7 12.c4 Rb8 13.Qb1 Kd8 14.O-O a6 15.Nb3 Qb4
16.Bxd7 Kxd7 17.Nxc5+ Ke8 18.Nd3 Qxb1 19.Rfxb1 Rxb1+ 20.Rxb1 Kd7 21.Rb7 Bg7
22.Nd4 Rc8  1-0

[Event "TCh-SLO"]
[Site "Celje SLO"]
[Date "2004.11.30"]
[Round "2"]
[White "Brumen,D"]
[Black "Gostisa,L"]
[Result "1/2-1/2"]
[WhiteElo "2380"]
[BlackElo "2422"]

1.d4 Nf6 2.Bg5 d5 3.e3 Ne4 4.Bf4 c5 5.f3 Qa5+ 6.c3 Nf6 7.Nd2 cxd4 8.Nb3 Qb6
9.Qxd4 Nbd7 10.Qxb6 Nxb6 11.a4 Bd7 12.Nc5 Bc6 13.a5 Nbd7 14.Nd3 Bb5 15.Ne5 Bxf1
16.Kxf1 Nxe5 17.Bxe5 Nd7 18.Bg3 e6 19.Ne2 Bc5 20.Nd4 a6 21.Ke2 Ke7 22.b4 Ba7
23.Rhc1 Rhc8 24.Rab1 g6 25.Rb2 Rc4 26.Nb3 Rac8 27.Rbc2 R4c6 28.Nd2 Bb8 29.c4 Bxg3
30.hxg3 dxc4 31.Rxc4 Ne5 32.Rc5 Rxc5 33.bxc5 Nd7 34.Nb3 h5 35.Kd3 Ne5+ 36.Kc3 Nc6
37.Ra1 Rd8 38.Nd4 Kd7 39.Kc4 Kc7 40.f4 Rd5 41.Nb3 Rd7 42.Rh1 Ne7 43.e4 Nc6
44.Rf1 Rd8 45.Kc3 Rd7 46.Kc4 e5 47.f5 Nd4 48.fxg6 fxg6 49.Nc1 Ne6 50.Nb3 Nd4
51.Nc1 Ne6 52.Nb3 Ng5 53.Rf6 Nxe4 54.Rxg6 Nd2+ 55.Nxd2 Rxd2 56.Rg7+ Kc6 57.Rg6+ Kc7
58.Rg7+ Kc6 59.Rg6+  1/2-1/2

[Event "It Chiburdanidze"]
[Site "Tblisi GEO"]
[Date "2004.12.09"]
[Round "7"]
[White "Khotenashvili,B"]
[Black "Khukhashvili,S"]
[Result "1-0"]
[WhiteElo "2248"]
[BlackElo "2256"]

1.d4 Nf6 2.Bg5 d5 3.Nf3 Bf5 4.e3 Ne4 5.Bh4 c6 6.c3 Nd7 7.Nbd2 Qb6 8.Qb3 f6
9.Nxe4 Bxe4 10.Bg3 e6 11.Be2 Be7 12.O-O h5 13.h4 g5 14.Nd2 Bg6 15.hxg5 fxg5
16.e4 Qxb3 17.axb3 O-O 18.b4 g4 19.exd5 exd5 20.Nb3 Bd8 21.Na5 Bxa5 22.bxa5 Nf6
23.a6 b6 24.f3 gxf3 25.Rxf3 Ne4 26.Be5 b5 27.Raf1 Rf7 28.Rxf7 Bxf7 29.Rf5 Bg6
30.Rf3 Re8 31.Rh3 Nf6 32.Bf3 Ng4 33.Bxg4 hxg4 34.Rh6 Kf7 35.Kf2 c5 36.Kg3 cxd4
37.Bxd4 Re6 38.Kxg4 Rxa6 39.Kg5 Re6 40.Rh1 Bd3 41.g4 a6 42.Rh3 Be4 43.Rh2 Rc6
44.Rf2+ Ke7 45.b4 Re6 46.Bc5+ Ke8 47.Rf6 Kd7 48.Rf7+ Ke8 49.Rf8+ Kd7 50.Rg8 Bc2
51.Kh5 Bd1 52.Rg5 Bf3 53.Rf5 Be4 54.Rf7+ Kd8 55.Rf8+ Re8 56.Rf6 Rh8+ 57.Kg5 Rh3
58.Bd4 Rg3 59.Rxa6 Rg2 60.Kf4 Ke7 61.Bf6+ Kf7 62.g5 Rc2 63.Ke3 Kg6 64.Rb6 Kf5
65.Rxb5 Rh2 66.Kd4 Rh3 67.Rxd5+ Bxd5 68.Kxd5 Rd3+ 69.Kc6 Ke6 70.Bd4 Rg3 71.b5 Rxg5
72.b6 Rg8 73.b7 Kf5  1-0

[Event "FSGM December"]
[Site "Budapest HUN"]
[Date "2004.12.10"]
[Round "7"]
[White "Nguyen Ngoc Truongson"]
[Black "Szabo,K"]
[Result "1-0"]
[WhiteElo "2527"]
[BlackElo "2394"]

1.d4 Nf6 2.Bg5 d5 3.Bxf6 exf6 4.e3 Bd6 5.g3 O-O 6.Bg2 c6 7.Ne2 f5 8.O-O Nd7
9.Nd2 Nf6 10.c4 dxc4 11.Nxc4 Bc7 12.Nc3 Be6 13.Qd3 a5 14.Rfd1 Nd5 15.Rac1 g6
16.b3 h5 17.h4 Kg7 18.Nb2 Nb4 19.Qd2 Qf6 20.Nd3 Nxd3 21.Qxd3 Rad8 22.Na4 Bd6
23.Nc5 Bc8 24.Qc3 b6 25.Na4 Ba3 26.Nxb6 Bxc1 27.Rxc1 f4 28.gxf4 Qxh4 29.Qxa5 Bf5
30.Nc4 Ra8 31.Qd2 Bh3 32.Qe2 Bg4 33.Qc2 Bh3 34.Bxh3 Qxh3 35.Qe2 Qe6 36.Ne5 Rfc8
37.Nd3 h4 38.Kh2 Qd6 39.a4 Qd5 40.Nc5 Rcb8 41.Rg1 Re8 42.Qg4 Rh8 43.f5 Rh6
44.Qe4 Qxe4 45.Nxe4 Rh5 46.fxg6 fxg6 47.Nc5 Kf7 48.Nd3 g5 49.Kh3 Ke6 50.Rc1 Rg8
51.Kg4 Rh7 52.Rxc6+ Kd7 53.Ne5+ Kd8 54.Rc1 Rc7 55.Rxc7 Kxc7 56.b4 Kd6 57.b5 Kd5
58.a5 Rb8 59.b6 Rb7 60.Nf3 Rg7 61.a6 Kc6 62.b7 Kc7 63.Ne5 Rh7 64.d5 Rh8 65.d6+ Kb6
66.Nd7+  1-0

[Event "Asian U14"]
[Site "Singapore SIN"]
[Date "2004.12.12"]
[Round "3"]
[White "Tan Shihao,S"]
[Black "Nguyen Viet Chung"]
[Result "0-1"]
[WhiteElo "2091"]
[BlackElo "2045"]

1.d4 Nf6 2.Bg5 d5 3.Bxf6 exf6 4.g3 Bd6 5.Bg2 c6 6.e3 O-O 7.Ne2 Bg4 8.O-O Nd7
9.c4 dxc4 10.Qc2 Nb6 11.h3 Be6 12.Nd2 Qd7 13.Kh2 f5 14.Nf4 Bxf4 15.gxf4 Bd5
16.Rg1 g6 17.Bf1 Qe6 18.Rc1 Rac8 19.Nxc4 c5 20.Bd3 cxd4 21.Bxf5 Rxc4 22.Bxe6 Rxc2
23.Rxc2 Bxe6 24.exd4 Bxa2 25.Rc7 Bd5 26.Re1 Bc6 27.Rce7 Rd8 28.Rd1 Nd5 29.Ree1 Nxf4
30.Kg3 Ne6 31.Rd2 Nxd4 32.Red1 Nf5+ 33.Kf4 Re8 34.f3 Kg7 35.Rh1 Kh6 36.h4 Re3
37.Rh3 Rb3  0-1

[Event "XII It"]
[Site "Solin-Split CRO"]
[Date "2004.12.12"]
[Round "9"]
[White "Kovacevic,B"]
[Black "Romanishin,O"]
[Result "0-1"]
[WhiteElo "2503"]
[BlackElo "2543"]

1.d4 Nf6 2.Bg5 d5 3.e3 Nbd7 4.Nd2 c6 5.f4 Qb6 6.Rb1 g6 7.Bd3 Bg7 8.Nh3 c5
9.c3 Qe6 10.f5 gxf5 11.O-O Ne4 12.Nf4 Qd6 13.Bxe4 fxe4 14.c4 Bf6 15.Bxf6 Nxf6
16.cxd5 cxd4 17.Qa4+ Bd7 18.Qxd4 Qb6 19.Qe5 Qd6 20.Qd4 Qb6 21.Rbc1 Qxd4 22.exd4 Rc8
23.Rxc8+ Bxc8 24.Rc1 Kd8 25.Nc4 Ne8 26.Re1 Bf5 27.Ne2 Nd6 28.Ng3 Bg6 29.b3 Rg8
30.Kf2 f5 31.Ne2 Bf7 32.Nf4 Rf8 33.Ne5 Bg8 34.a4 Ne8 35.Rc1 Nc7 36.Rc5 Rf6
37.Ke3 Rb6 38.Rc3 Nxd5+ 39.Nxd5 Bxd5 40.Kf4 Rxb3 41.Rc5 Be6 42.a5 Bg8 43.Kxf5 e3
44.Rc2 Bd5 45.g4 Ra3 46.Re2 Ra4 47.Rxe3 e6+ 48.Kf6 Rxd4 49.Kg7 Re4 50.Nf7+ Ke7
51.Rg3 b5 52.Ng5 Re2 53.Ra3 Ra2 54.Rc3 b4 55.Rc8 Rxh2 56.Nxh7 b3 57.Nf6 b2
58.Nxd5+ exd5 59.Rb8 Rg2  0-1

[Event "Open"]
[Site "Zadar CRO"]
[Date "2004.12.15"]
[Round "4"]
[White "Doric,D"]
[Black "Cvitan,O"]
[Result "1/2-1/2"]
[WhiteElo "2324"]
[BlackElo "2532"]

1.d4 Nf6 2.Bg5 d5 3.Nd2 c5 4.Bxf6 gxf6 5.dxc5 Na6 6.c3 Nxc5 7.g3 e6 8.Bg2 Bd7
9.Ngf3 Bg7 10.O-O O-O 11.Rc1 b5 12.Ne1 f5 13.Nd3 Rc8 14.Nxc5 Rxc5 15.e3 Qb6
16.a3 Rfc8 17.g4 fxg4 18.Qxg4 f5 19.Qg5 Qd8 20.Qg3 a5 21.Kh1 b4 22.axb4 axb4
23.Rg1 Qf8 24.Nb3 Rc4 25.cxb4 Rg4 26.Rxc8 Qxc8 27.Qd6 Bf8 28.Qe5  1/2-1/2

[Event "XIII Open"]
[Site "Erandio ESP"]
[Date "2004.12.21"]
[Round "6"]
[White "Vasilev,M"]
[Black "Veingold,A"]
[Result "1-0"]
[WhiteElo "2425"]
[BlackElo "2473"]

1.d4 Nf6 2.Bg5 d5 3.Bxf6 exf6 4.e3 Be6 5.Bd3 f5 6.Ne2 Nd7 7.Nf4 Bd6 8.Nxe6 fxe6
9.c4 c6 10.cxd5 cxd5 11.Nc3 a6 12.g4 Qb6 13.gxf5 Qxb2 14.Na4 Qb4+ 15.Kf1 exf5
16.Rb1 Qa3 17.Bxf5 Nf6 18.Rxb7 O-O 19.Rg1 Be7 20.Nc5 Rae8 21.Qc2 Kh8 22.Rg3 Nh5
23.Rh3 Rxf5 24.Qxf5 Qc1+ 25.Kg2 Nf6 26.Nd7 Qc8 27.Rb8  1-0

[Event "Open A"]
[Site "Bethune FRA"]
[Date "2004.12.26"]
[Round "1"]
[White "Israel,G"]
[Black "Sokolov,And1"]
[Result "0-1"]
[WhiteElo "2149"]
[BlackElo "2591"]

1.d4 Nf6 2.Bg5 d5 3.Bxf6 exf6 4.e3 Bd6 5.Nd2 f5 6.g3 Nd7 7.Bg2 Nf6 8.Ne2 O-O
9.O-O c6 10.a3 Ne4 11.b3 Qe7 12.c3 b6 13.a4 Ba6 14.c4 Bb4 15.Nxe4 fxe4 16.Qc2 Rad8
17.Rfc1 g5 18.Qd1 f5 19.Ra2 c5 20.cxd5 Rxd5 21.Nc3 Rd7 22.Nb5 Bxb5 23.axb5 cxd4
24.exd4 Rfd8 25.Rac2 Rxd4 26.Qh5 Bc5 27.Bh3 Qf6 28.Rxc5 bxc5 29.Rxc5 Rd1+
30.Bf1 e3 31.fxe3 Rxf1+ 32.Kxf1 Qa1+  0-1

[Event "Czech Christmas"]
[Site "Litomysl CZE"]
[Date "2004.12.26"]
[Round "1"]
[White "Cerveny,P"]
[Black "Blatny,P"]
[Result "0-1"]
[WhiteElo "2098"]
[BlackElo "2454"]

1.d4 Nf6 2.Bg5 d5 3.Bxf6 gxf6 4.c4 dxc4 5.e3 c5 6.Bxc4 cxd4 7.Nf3 Qa5+ 8.Kf1 dxe3
9.Nc3 Nc6 10.Nd5 Be6 11.Qb3 O-O-O 12.Nxe3 Bxc4+ 13.Qxc4 Bh6 14.Qxf7 Qb5+
15.Nc4 Qf5 16.Re1 Nd4 17.Nxd4 Rxd4 18.b3 Qd3+ 19.Kg1 Qe2  0-1

[Event "Open A"]
[Site "Krakow POL"]
[Date "2004.12.29"]
[Round "3"]
[White "Brodowski,P"]
[Black "Widera,J"]
[Result "1-0"]
[WhiteElo "2275"]
[BlackElo "2147"]

1.d4 Nf6 2.Bg5 c5 3.dxc5 Qa5+ 4.c3 Qxc5 5.Nf3 d5 6.g3 Nc6 7.Bg2 e6 8.O-O Be7
9.Nbd2 Qb6 10.Qb3 Qxb3 11.axb3 Bd7 12.b4 b6 13.Rfd1 O-O 14.e4 a5 15.exd5 exd5
16.bxa5 bxa5 17.Nf1 Be6 18.Nd4 Nxd4 19.Rxd4 Rfb8 20.Bc1 Rb5 21.Ne3 Rab8 22.Rda4 Bd8
23.Nc2 Bd7 24.Rd4 Bb6 25.Rd1 Bg4 26.Re1 Bf5 27.Bf1 Rb3 28.Ne3 Be4 29.Ra4 h6
30.Bg2 Rc8 31.Bh3 Re8 32.Nf5 Rd8 33.Nd4 Bxd4 34.Rxd4 Rdb8 35.Re3 R3b5 36.f3 Bc2
37.Bf1 R5b7 38.g4 Bb3 39.h4 Nd7 40.g5 hxg5 41.hxg5 Nc5 42.Rh4 a4 43.Re2 Ne6
44.g6 a3 45.bxa3 Bc4 46.Reh2 fxg6 47.Bxc4 dxc4 48.Rxc4 Rb1 49.Rc2 Rd8 50.Kg2 Rd1
51.Be3 g5 52.Re4 Kf7 53.a4 Kf6 54.a5 Kf5 55.Ra4 Nf4+ 56.Bxf4 gxf4 57.a6 Rd8
58.a7 Ra8 59.Ra6 Rb7 60.Rca2 Kg5 61.c4 Kh5 62.Kh3 g6 63.c5 g5 64.c6 Re7 65.R6a5 Kg6
66.Rc5 Rc7 67.Kg4 Kf6 68.Raa5 Ke6 69.Kxg5 Kd6 70.Rd5+  1-0